Music Quiz

Random Music or Album Quiz

Mariah Carey Singles Quiz Stats

Quiz not verified by Sporcle

Challenge
Share
Tweet
Embed
Score 0/54 Timer 10:00
1 Play Today
Album Single % Correct
EmotionsEmotions
94.2%
Mariah CareyVision Of Love
92.2%
Merry ChristmasAll I Want For Christmas Is You
91.2%
Music BoxHero
91.1%
The Emancipation Of MimiWe Belong Together
91.1%
DaydreamFantasy
89.1%
RainbowHeartbreaker
88.3%
MTV UnpluggedI'll Be There
87.7%
ButterflyHoney
87.1%
Music BoxDreamlover
86.9%
E=MC˛Touch My Body
86.9%
DaydreamAlways Be My Baby
85.1%
ButterflyButterfly
84.8%
Memoirs Of An Imperfect AngelObsessed
83.2%
Mariah CareyLove Takes Time
82%
ButterflyMy All
82%
The Emancipation Of MimiShake It Off
81.7%
The Emancipation Of MimiIt's Like That
81.5%
DaydreamOne Sweet Day
81.4%
Mariah CareySomeday
81.1%
Music BoxWithout You
79.7%
CharmbraceletThrough The Rain
79.7%
Mariah CareyI Don't Wanna Cry
77.1%
#1sWhen You Believe
75.1%
GlitterLoverboy
74.6%
EmotionsMake It Happen
74.3%
EmotionsCan't Let Go
74%
Album Single % Correct
The Emancipation Of MimiDon't Forget About Us
74%
E=MC˛Bye Bye
72.5%
Music BoxAnytime You Need A Friend
70.9%
#1sI Still Believe
69.4%
RainbowThank God I Found You
68.9%
Memoirs Of An Imperfect AngelI Want To Know What Love Is
68.2%
ButterflyThe Roof
65.8%
GlitterNever Too Far
63.5%
CharmbraceletBoy
63.4%
RainbowCan't Take That Away From Me
61.8%
The Emancipation Of MimiSay Something
61.7%
E=MC˛I Stay In Love
61.7%
Memoirs Of An Imperfect AngelH.A.T.E.U.
61.5%
#1sSweetheart
61.1%
DaydreamForever
60.9%
ButterflyBreakdown
60.8%
DaydreamUnderneath the Stars
57.8%
The Emancipation Of MimiGet Your Number
57.5%
Mariah CareyThere's Got To Be A Way
57.4%
RainbowAgainst All Odds
54.6%
Merry ChristmasO Holy Night
54.6%
Merry ChristmasJoy To The World
53.8%
CharmbraceletBringin' On The Heartbreak
49.7%
Merry ChristmasMiss You Most
47.4%
E=MC˛I'll Be Lovin' U Long Time
45.7%
GlitterReflections
38.8%
CharmbraceletI Know What You Want
26.9%

You're not logged in!

Compare scores with friends on all Sporcle quizzes.
Sign Up with Email
OR
Log In

You Might Also Like...

Show Comments

Extras

Top Quizzes Today


Score Distribution

Your Account Isn't Verified!

In order to create a playlist on Sporcle, you need to verify the email address you used during registration. Go to your Sporcle Settings to finish the process.